Państwa z najdłuższą siecią dróg ekspresowych i autostrad - Statystyki

Ogólne statystyki
  • Ten quiz został rozwiązany 549 razy
  • Średni wynik to 16 z 20
Statystyki odpowiedzi
Długość w km Odpowiedź % Poprawnych
13,009 Niemcy
99%
108,394 Stany Zjednoczone
98%
142,500 Chiny
97%
11,882 Francja
97%
17,109 Hiszpania
96%
4,121 Polska
94%
16,900 Kanada
92%
11,000 Brazylia
91%
3,701 Wielka Brytania
91%
6,758 Włochy
90%
16,453 Meksyk
88%
10,021 Japonia
87%
3,132 Australia
82%
2,808 Niderlandy
68%
2,992 Portugalia
65%
4,767 Korea Południowa
62%
3,891 Arabia Saudyjska
56%
2,500 Indonezja
51%
2,520 Grecja
50%
2,758 Peru
36%
Nie znaleziono quizów pasujących do podanych kryteriów
Rozkład punktacji
Procent ludzi z każdym wynikiem
Percentyl według liczby udzielonych odpowiedzi
Twoja historia wyników
Nie rozwiązałeś tego quizu